[Event "Ch Russia (Higher League)"]
[Site "masterchessopen.com Krasnoyarsk (Russia)"]
[Date "2007.09.09"]
[Round "6"]
[White "Landa Konstantin (RUS)"]
[Black "Nechepurenko Roman V (RUS)"]
[Result "1-0"]
[WhiteElo "2678"]
[BlackElo "2500"]

{ } 1.Nf3 c5 2.c4 g6 3.d4 cxd4 4.Nxd4 Bg7 5.e4 Nc6 6.Be3 Nf6 7.Nc3 Ng4 8.Qxg4
Nxd4 9.Qd1 { ?/= } 9...Nc6 ( 9...Ne6 10.Rc1 d6 11.Bd3 Bd7 12.O-O O-O 13.Qd2
Nc5 14.Bb1 Na4 15.Nxa4 Bxa4 16.f4 b6 17.f5 Rc8 18.Bh6 Qc7 19.b4 Be8 20.Rf3 b5
21.Bxg7 Kxg7 22.Rh3 Rh8 23.Qd4+ f6 24.Ra3 Qb6 25.c5 dxc5 26.bxc5 b4 27.Rb3 Qc7
28.Rxb4 Qf4 29.Qc3 { ...1-0, Gergen Harald 2005 - Weiss Daniel 2820 , Augsburg
8. 8.1997 It (open) } ) 10.Qd2 O-O 11.Be2 Qa5 ( 11...d6 12.O-O Be6 13.Rac1 Ne5
14.b3 a6 15.f4 Ng4 16.Bxg4 Bxg4 17.f5 gxf5 18.exf5 e6 19.f6 Bxf6 20.Bh6 Re8
21.Ne4 Bf5 22.Nxf6+ Qxf6 23.Rc3 Qe5 24.Re3 Be4 25.Bf4 Qc5 26.Bxd6 Qc6 27.Be5
Bg6 28.Kh1 Qc5 29.Qf2 f5 30.Qf4 Rad8 31.h4 { ...1-0, Ricardi Pablo 2515 -
Amanov Mesgen 2305 , Turin 27. 5.2006 Olympiad } ) 12.Rc1 ( 12.O-O d6 13.Rac1
Be6 14.Rfd1 Rfc8 15.b3 Nb4 16.Bg5 Re8 17.Nd5 Bxd5 18.exd5 Qa3 19.Bg4 f5 20.Bf3
a5 21.Re1 Qxa2 22.Qe3 Be5 23.Re2 Qa3 24.Qb6 Bf6 25.Bd2 Qxb3 26.Rce1 Qxc4
27.Re6 Nd3 28.Be2 Qc5 29.Qb1 Qxf2+ 30.Kh1 Nxe1 31.Bxe1 Qc5 { ...0-1, Martz
William R - Moe Mogens 2300 , Ybbs 1968 It (open) } ) 12...d6 13.O-O Be6 14.b3
( 14.f4 f5 15.exf5 gxf5 16.Rfd1 Kh8 17.b3 Rac8 18.Bf3 a6 19.Na4 Qc7 20.Kh1 Bg8
21.Bb6 Qb8 22.Bf2 Rcd8 23.Bh4 Rde8 24.Nb6 Qd8 25.c5 Bf7 26.Bf2 dxc5 27.Nd7 Rg8
28.Nxc5 Qb8 29.Nxb7 Nd8 30.Nc5 e5 31.Nd7 Qb5 32.Rc5 { 1-0, Sulava Nenad 2533 -
Tatai Stefano 2343 , Lido Estensi 2002 It (open) } ) 14...Rfc8 { +0.29 CAP } (
14...Rac8 15.f4 f5 16.exf5 Bxf5 17.Bf3 Kh8 18.Rfd1 Rfe8 19.Nb5 Qxd2 20.Rxd2 a6
21.Nc3 h5 22.Na4 Rb8 23.c5 Nb4 24.Rcd1 Bc2 25.Rc1 Bf5 26.a3 Nd3 27.Rcd1 Nxc5
28.Nxc5 dxc5 29.Bxc5 b6 30.Bf2 Rec8 31.Re2 Rc7 32.Bd4 Bc2 33.Bxg7+ Kxg7 34.Rc1
{ ...1-0, Polugaevsky Lev A 2645 - Suetin Alexei S 2550 , Kislovodsk 1972 It }
) 15.f4 { N } ( 15.Rfd1 Ne5 16.h3 Kf8 ( 16...a6 17.Nd5 Qxd2 18.Rxd2 Bxd5
19.Rxd5 Nc6 20.Rd2 Rd8 21.f4 e5 22.f5 gxf5 23.exf5 Nd4 24.Rf1 Nxe2+ 25.Rxe2 b5
{ 1/2-1/2, Tratar Marko 2442 - Sandner Gunter 2374 , Schwarzach 1999 It (open)
} ) 17.f4 Nc6 18.Bf3 Rab8 19.Kh1 f5 20.exf5 gxf5 21.Bf2 Bf7 22.Qe3 Rd8 23.Bh4
Qc5 24.Qe1 Rd7 25.Bd5 Qb4 26.Be6 Bxc3 27.Rxc3 Bxe6 28.Qxe6 Qxc3 29.Qxd7 Qc2
30.Re1 Re8 31.Bg5 Kf7 32.Qe6+ Kg7 33.Bh6+ Kh8 34.Qf6+ { 1-0, Gavrikov Viktor
2600 - Pribyl Josef 2420 , Germany 1994 Bundesliga 1993/94 } ) 15...a6 16.Kh1
Rab8 17.h3 Rd8 18.Rfd1 Nb4 19.Na4 b5 20.Bb6 Rxb6 21.Nxb6 Rb8 { ? } ( { ? }
21...Qxa2 22.Nd5 Bxd5 23.cxd5 Bh6 24.Qxa2 Nxa2 25.Rc2 Nb4 26.Rc7 Bxf4 27.Rxe7
Be5 28.Rc1 { } ) 22.f5 Qxa2 23.Qxb4 Qxe2 24.fxe6 Rxb6 25.c5 Rc6 26.cxd6 Rc2
27.Rg1 { } {#r} 1-0

[Event "Cup Arctic (team) (juniors) (under 16)"]
[Site "masterchessopen.com Salekhard (Russia)"]
[Date "2007.10.08"]
[Round "1"]
[White "Langner Jakub (CZE)"]
[Black "Sosovicka Matej (SVK)"]
[Result "1-0"]
[WhiteElo "1813"]
[BlackElo "1899"]

1.e4 c5 2.Nf3 Nc6 3.d4 cxd4 4.Nxd4 g6 5.c4 Bg7 6.Be3 Nf6 7.Nc3 Ng4 8.Qxg4 Nxd4
9.Qd1 Ne6 10.Be2 d6 11.O-O O-O 12.Qd2 a5 13.Nd5 Nc5 14.Rfd1 Nxe4 15.Qc2 Nf6
16.Bb6 Qd7 17.Nc7 Rb8 18.c5 Qc6 19.Bb5 Bf5 20.Qb3 Qe4 21.cxd6 exd6 22.Rxd6 Ng4
23.Rdd1 Be5 24.g3 Bf6 25.Re1 Qc2 26.Qxc2 Bxc2 27.Re2 Bf5 28.Bxa5 b6 29.Bc3
Bxc3 30.bxc3 Rbc8 31.Nd5 Rfd8 32.Ne7+ {#r} 1-0

[Event "Ch PriFO (juniors) (under 18) (g)"]
[Site "masterchessopen.com Gorodets (Russia)"]
[Round "0"]
[White "Shabrina Tatiana (RUS)"]
[Black "Yarullina Alina (RUS)"]
[Result "0-1"]
[WhiteElo "1892"]
[BlackElo "2027"]

1.e4 c5 2.Nf3 Nc6 3.d4 cxd4 4.Nxd4 g6 5.c4 Bg7 6.Be3 Nf6 7.Nc3 Ng4 8.Qxg4 Nxd4
9.Qd1 Ne6 10.Be2 O-O 11.Rc1 d6 12.O-O Bd7 13.b3 Bc6 14.Nd5 Nc5 15.f3 e6 16.Nc3
a5 17.Qd2 Qe7 18.Rfd1 Rfd8 19.Nb5 Bxb5 20.cxb5 b6 21.Qc2 d5 22.exd5 exd5
23.Bf2 Bh6 24.Rb1 Rac8 25.Qb2 Be3 26.Bf1 d4 27.Re1 Rc7 28.Rbd1 Bxf2+ 29.Qxf2
Qf6 30.Rd2 Ne6 {#R} 0-1

[Event "Ch World (juniors) (under 12)"]
[Site "masterchessopen.com Kemer (Turkey)"]
[Date "2007.11.27"]
[Round "10"]
[White "Tesik Csaba (HUN)"]
[Black "Emiroglu Cankut (TUR)"]
[Result "1-0"]
[WhiteElo "2061"]
[BlackElo "1990"]

1.e4 c5 2.Nf3 Nc6 3.d4 cxd4 4.Nxd4 g6 5.c4 Bg7 6.Be3 Nf6 7.Nc3 Ng4 8.Qxg4 Nxd4
9.Qd1 e5 10.Nb5 O-O 11.Qd2 Nxb5 12.cxb5 Qe7 13.Bc4 d6 14.O-O Be6 15.Bd5 f5
16.f3 f4 17.Bf2 Kh8 18.Rfd1 Rfd8 19.h3 g5 20.Rac1 Rd7 21.a3 h5 22.Rc3 g4
23.Bxe6 Qxe6 24.hxg4 hxg4 25.fxg4 Qxg4 26.Qd5 Rf8 27.Rh3+ Bh6 28.Rxh6+ Kg7
29.Rxd6 Rdf7 30.Qxe5+ Kg8 31.Qe6 Qe2 32.R6d5 Kh7 33.R1d2 {#r} 1-0

[Event "Ch Udmurtia"]
[Site "masterchessopen.com Izhevsk (Russia)"]
[Date "2007.12.07"]
[Round "2"]
[White "Poniaev Ruslan (RUS)"]
[Black "Pushin Vladimir (RUS)"]
[Result "1-0"]
[WhiteElo "2305"]
[BlackElo "2297"]

1.Nf3 Nf6 2.c4 c5 3.d4 cxd4 4.Nxd4 Nc6 5.Nc3 g6 6.e4 Bg7 7.Be3 Ng4 8.Qxg4 Nxd4
9.Qd1 Nc6 10.Qd2 d6 11.Rc1 Be6 12.b3 Ne5 13.Be2 O-O 14.O-O Qa5 15.Nd5 Qd8
16.f4 Bxd5 17.cxd5 Nd7 18.b4 Rc8 19.Rxc8 Qxc8 20.Rc1 Qb8 21.Qc2 Nb6 22.Qc7 Rc8
23.Qxb8 Rxb8 24.Rc7 Kf8 25.a4 Nxa4 26.Bxa7 Ra8 27.Rxb7 f5 28.e5 dxe5 29.d6
exd6 30.Bb8 exf4 31.Bxd6+ Kg8 32.Bc4+ Kh8 33.Bxf4 Nb6 34.Rxb6 {#r} 1-0

[Event "It (open)"]
[Site "masterchessopen.com Pavlodar (Kazakhstan)"]
[Date "2007.12.19"]
[Round "5"]
[White "Kostenko Petr (KAZ)"]
[Black "Temirov B (KAZ)"]
[Result "1-0"]
[WhiteElo "2531"]
[BlackElo "2282"]

1.e4 c5 2.Nf3 Nc6 3.d4 cxd4 4.Nxd4 g6 5.c4 Bg7 6.Be3 Nf6 7.Nc3 Ng4 8.Qxg4 Nxd4
9.Qd1 Ne6 10.Rc1 Qa5 11.Bd3 g5 12.O-O Qe5 13.b4 b6 14.Nd5 Bb7 15.Bd2 Qb8
16.Qh5 Be5 17.g3 h6 18.Rce1 Ng7 19.Qh3 e6 20.f4 Bd4+ 21.Kh1 Qd6 22.fxg5 O-O-O
23.gxh6 f5 24.Bf4 e5 25.Bg5 fxe4 26.Bxe4 Rde8 27.Ne7+ {#r} 1-0

[Event "Tournament (Elo) (a)"]
[Site "masterchessopen.com Warsaw (Poland)"]
[Date "2008.01.11"]
[Round "2"]
[White "Lewandowski Rafal (POL)"]
[Black "Nguyen Piotr (POL)"]
[Result "0-1"]
[WhiteElo "2164"]
[BlackElo "2327"]

1.e4 c5 2.Nf3 g6 3.d4 cxd4 4.Nxd4 Bg7 5.c4 Nc6 6.Be3 Nf6 7.Nc3 Ng4 8.Qxg4 Nxd4
9.Qd1 e5 10.Nb5 O-O 11.b4 Nxb5 12.cxb5 Qh4 13.Qd5 d6 14.g3 Qf6 15.Bg2 Be6
16.Qxb7 Rab8 17.Qa6 Bc4 18.a4 Qe6 19.Rd1 Rfd8 20.Bxa7 Ra8 21.Qb7 d5 22.Rxd5
Qg4 23.f3 Qg5 24.h4 Qxg3+ 25.Kd1 Qxg2 {#R} 0-1

[Event "Tournament (juniors) (under 20)"]
[Site "masterchessopen.com Bialystok (Poland)"]
[Date "2008.01.21"]
[Round "2"]
[White "Nasuta Grzegorz (POL)"]
[Black "Jarczewski Marcin (POL)"]
[Result "1-0"]
[WhiteElo "2081"]
[BlackElo "1872"]

1.e4 c5 2.Nf3 Nc6 3.d4 cxd4 4.Nxd4 g6 5.c4 Bg7 6.Be3 Nf6 7.Nc3 Ng4 8.Qxg4 Nxd4
9.Qd1 Ne6 10.Rc1 O-O 11.Bd3 d6 12.O-O Bd7 13.Kh1 Qa5 14.Qd2 Rfe8 15.f4 Rac8
16.f5 Nc5 17.Bb1 Na4 18.Bd4 Rxc4 19.Bxg7 Kxg7 20.Rf3 h6 21.fxg6 fxg6 22.Rcf1
Be6 23.Qf2 Rg8 24.Rf7+ Bxf7 25.Qxf7+ Kh8 26.Qxc4 Nxb2 27.Qb3 Rc8 28.Nd5 Qd2
29.Nxe7 Re8 30.Nxg6+ Kg7 31.Qf7# 1-0

[Event "It (open) (w)"]
[Site "masterchessopen.com Moscow (Russia)"]
[Date "2008.02.04"]
[Round "3"]
[White "Kuzevanova Evgenia (RUS)"]
[Black "Malgina-Sterliagova Tatiana (RUS)"]
[Result "1-0"]
[WhiteElo "2179"]
[BlackElo "2346"]

1.e4 c5 2.Nf3 Nc6 3.d4 cxd4 4.Nxd4 g6 5.c4 Bg7 6.Be3 Nf6 7.Nc3 Ng4 8.Qxg4 Nxd4
9.Qd1 Ne6 10.Be2 Bxc3+ 11.bxc3 Qa5 12.Qd2 O-O 13.O-O d6 14.Rab1 Qc7 15.Bh6 Re8
16.f4 Nc5 17.Qe3 f5 18.exf5 Bxf5 19.Rbd1 Rad8 20.g4 Be4 21.f5 Qb6 22.Rd4 Bc2
23.Bf3 Kh8 24.Bd5 Rd7 25.Qd2 Bb1 26.Qd1 Qb2 27.Qxb1 Qxc3 28.Rd3 Qe5 29.fxg6
hxg6 30.Rh3 {#r} 1-0

[Event "It (open) (b)"]
[Site "masterchessopen.com Moscow (Russia)"]
[Date "2008.02.09"]
[Round "8"]
[White "Bronnikov Konstantin (RUS)"]
[Black "Ageev Alexey (RUS)"]
[Result "1-0"]
[WhiteElo "2285"]
[BlackElo "2254"]

1.e4 c5 2.c4 Nc6 3.Ne2 g6 4.d4 cxd4 5.Nxd4 Bg7 6.Be3 Nf6 7.Nc3 Ng4 8.Qxg4 Nxd4
9.Qd1 Ne6 10.Rc1 Qa5 11.Bd3 Qe5 12.O-O g5 13.g3 Rg8 14.Kh1 b6 15.f4 Qb8
16.fxg5 Bxc3 17.Rxc3 Bb7 18.Qh5 Rg7 19.Kg1 Qd6 20.Qh6 Rc8 21.Bc2 Kf8 22.g6 Kg8
23.Rxf7 hxg6 24.Rxg7+ Nxg7 25.Rd3 Qf6 26.Rxd7 Rf8 27.Rd1 Qf3 28.Re1 Bxe4
29.Bxe4 Qxe4 30.Qxg7+ Kxg7 31.Bh6+ Kxh6 32.Rxe4 Rd8 {#r} 1-0

[Event "Ch Belarus (w)"]
[Site "masterchessopen.com Minsk (Belarus)"]
[Date "2008.03.14"]
[Round "5"]
[White "Stetsko Lanita (BLR)"]
[Black "Nikandrova Polina (BLR)"]
[Result "1-0"]
[WhiteElo "2042"]
[BlackElo "1889"]

1.e4 c5 2.Nf3 Nc6 3.d4 cxd4 4.Nxd4 g6 5.c4 Bg7 6.Be3 Nf6 7.Nc3 Ng4 8.Qxg4 Nxd4
9.Qd1 Ne6 10.Rc1 d6 11.b4 O-O 12.Be2 b6 13.O-O Bb7 14.Qd2 Re8 15.Nd5 Bc6 16.f4
Nc7 17.Bf3 e6 18.Nc3 Bf8 19.f5 exf5 20.exf5 Bxf3 21.Rxf3 Bg7 22.Bg5 f6 23.Bf4
gxf5 24.Bxd6 Bf8 25.c5 Re6 26.Rd1 Ne8 27.Qd5 Kf7 28.Qb7+ Be7 29.Bxe7 Qxe7
30.Rd7 {#r} 1-0

[Event "Ch UrFO (open)"]
[Site "masterchessopen.com Ekaterinburg (Russia)"]
[Date "2008.03.19"]
[Round "5"]
[White "Yuferev Oleg (RUS)"]
[Black "Gusarov Grigory (RUS)"]
[Result "1-0"]
[WhiteElo "2293"]
[BlackElo "2211"]

1.Nf3 c5 2.c4 Nf6 3.Nc3 g6 4.e4 Nc6 5.d4 cxd4 6.Nxd4 Bg7 7.Be3 Ng4 8.Qxg4 Nxd4
9.Qd1 Ne6 10.Rc1 O-O 11.Bd3 Qa5 12.O-O d6 13.Bc2 Bd7 14.Qd2 Rfe8 15.f4 Nc5
16.Qf2 f5 17.exf5 Bxf5 18.Bxf5 gxf5 19.Bd4 e5 20.fxe5 Ne6 21.Be3 Rf8 22.Qf3
Qxe5 23.Rce1 Nd4 24.Qd1 Qc5 25.Nb5 Qxc4 26.Nxd4 f4 27.b3 Qa6 28.Rxf4 Qxa2
29.Ne6 Rxf4 30.Bxf4 Re8 31.Nxg7 Rxe1+ 32.Qxe1 Kxg7 33.Qe7+ {#r} 1-0

[Event "Ch Poland (juniors) (under 18) (g)"]
[Site "masterchessopen.com Leba (Poland)"]
[Date "2008.04.02"]
[Round "7"]
[White "Cieslar Monika (POL)"]
[Black "Zwolan Anna (POL)"]
[Result "1-0"]
[WhiteElo "1715"]
[BlackElo "1674"]

1.e4 c5 2.Nf3 Nc6 3.d4 cxd4 4.Nxd4 g6 5.c4 Bg7 6.Be3 Nf6 7.Nc3 Ng4 8.Qxg4 Nxd4
9.Qd1 Ne6 10.Rc1 Qa5 11.Qd2 g5 12.Be2 h5 13.b3 b6 14.Nd5 Qxd2+ 15.Kxd2 d6
16.f3 Bd7 17.h4 f6 18.Rh2 Kd8 19.Rch1 Be8 20.hxg5 fxg5 21.f4 g4 22.Bxg4 hxg4
23.Rxh8 Bxh8 24.Rxh8 {#r} 1-0

[Event "Ch Bayern (seniors) (open)"]
[Site "masterchessopen.com Bergen (Germany)"]
[Date "2008.06.13"]
[Round "7"]
[White "Weigel Herbert (GER)"]
[Black "Boldt Heinrich (GER)"]
[Result "1-0"]
[WhiteElo "2149"]
[BlackElo "1901"]

1.e4 c5 2.Nf3 Nc6 3.d4 cxd4 4.Nxd4 g6 5.c4 Nf6 6.Nc3 Bg7 7.Be3 Ng4 8.Qxg4 Nxd4
9.Qd1 Nc6 10.Qd2 Qa5 11.Rc1 d6 12.Be2 O-O 13.O-O Bd7 14.a3 Rac8 15.c5 Rfd8
16.cxd6 Be6 17.b4 Qxa3 18.Nd5 Bxd5 19.exd5 Nxb4 20.dxe7 {#r} 1-0

[Event "Memorial Karl Mala (open)"]
[Site "masterchessopen.com Frankfurt (Germany)"]
[Date "2008.06.29"]
[Round "6"]
[White "Von Auer Ulrich (GER)"]
[Black "Guth Wolf-Dietrich (GER)"]
[Result "1-0"]
[WhiteElo "2081"]
[BlackElo "2011"]

1.e4 c5 2.Nf3 Nc6 3.d4 cxd4 4.Nxd4 g6 5.c4 Bg7 6.Be3 Nf6 7.Nc3 Ng4 8.Qxg4 Nxd4
9.Qd1 e5 10.Qd2 O-O 11.O-O-O Qa5 12.Kb1 a6 13.h4 Re8 14.h5 d6 15.hxg6 hxg6
16.Bh6 Be6 17.Bxg7 Kxg7 18.Bd3 Rh8 19.f4 exf4 20.Qxf4 Qe5 21.Qf2 Rxh1 22.Rxh1
b5 23.cxb5 axb5 24.Qh4 Ra5 25.Qh8# 1-0

[Event "It (open)"]
[Site "masterchessopen.com Lipetsk (Russia)"]
[Date "2008.07.15"]
[Round "7"]
[White "Geranichev Mikhail (RUS)"]
[Black "Morozov Vasiliy (RUS)"]
[Result "1-0"]
[WhiteElo "1847"]
[BlackElo "2046"]

1.e4 c5 2.Nf3 Nc6 3.d4 cxd4 4.Nxd4 g6 5.c4 Bg7 6.Be3 Nf6 7.Nc3 Ng4 8.Qxg4 Nxd4
9.Qd1 Ne6 10.Rc1 b6 11.Be2 Bb7 12.f3 O-O 13.O-O d6 14.Qd2 Re8 15.Nd5 Rc8
16.Rfd1 Qd7 17.b3 Red8 18.Kh1 Nc7 19.Bf1 Qe8 20.a4 e6 21.Nxc7 Rxc7 22.a5 bxa5
23.Qxa5 Rcd7 24.b4 d5 25.cxd5 exd5 26.Bb5 {#r} 1-0

[Event "Tournament (open)"]
[Site "masterchessopen.com Kemerovo (Russia)"]
[Date "2008.07.23"]
[Round "4"]
[White "Baboyan Eduard (RUS)"]
[Black "Ponomarenko Natalia (RUS)"]
[Result "1-0"]
[WhiteElo "2170"]
[BlackElo "1954"]

1.e4 c5 2.Nf3 Nc6 3.d4 cxd4 4.Nxd4 g6 5.c4 Bg7 6.Be3 Nf6 7.Nc3 Ng4 8.Qxg4 Nxd4
9.Qd1 Ne6 10.Qd2 b6 11.O-O-O Ba6 12.Kb1 d6 13.Nd5 Qd7 14.Rc1 Rc8 15.Be2 Nc5
16.f3 Ne6 17.g4 Nc7 18.Nb4 Bb7 19.h4 e6 20.Rhd1 Rd8 21.Bf4 a5 22.Nc2 d5
23.cxd5 exd5 24.Na3 Ne6 25.Bb5 {#r} 1-0

[Event "It (open)"]
[Site "masterchessopen.com Pardubice (Czech Republic)"]
[Date "2008.07.23"]
[Round "6"]
[White "Schlosser Philipp (GER)"]
[Black "Mamedjarova Zeinab (AZE)"]
[Result "1-0"]
[WhiteElo "2567"]
[BlackElo "2351"]

1.c4 c5 2.Nf3 g6 3.d4 cxd4 4.Nxd4 Bg7 5.e4 Nc6 6.Be3 Nf6 7.Nc3 Ng4 8.Qxg4 Nxd4
9.Qd1 Nc6 10.Rc1 d6 11.Be2 O-O 12.O-O Be6 13.Qd2 Qa5 14.f4 f5 15.exf5 Bxf5
16.Bf3 Kh8 17.Kh1 Rad8 18.b3 e5 19.Bd5 Nb4 20.Ne4 b6 21.Ng5 Nxd5 22.Qxd5 Qxd5
23.cxd5 h6 24.Ne6 Bxe6 25.dxe6 Rde8 26.fxe5 Rxf1+ 27.Rxf1 Rxe6 {#r} 1-0

[Event "Tournament (open)"]
[Site "masterchessopen.com Villa Martelli (Argentina)"]
[Date "2008.08.02"]
[Round "5"]
[White "Fell Sebastian (ARG)"]
[Black "Pradines Emanuel (ARG)"]
[Result "1-0"]
[WhiteElo "2103"]
[BlackElo "1914"]

1.e4 c5 2.Nf3 Nc6 3.d4 cxd4 4.Nxd4 g6 5.c4 Bg7 6.Be3 Nf6 7.Nc3 Ng4 8.Qxg4 Nxd4
9.Qd1 Ne6 10.Rc1 Qa5 11.a3 g5 12.Be2 Qe5 13.O-O O-O 14.Bg4 d6 15.Nd5 Nc5 16.f4
gxf4 17.Rxf4 e6 18.Ne7+ Kh8 19.Bh5 Nxe4 20.Qf3 Ng5 21.Qg3 Ne4 22.Qf3 Ng5
23.Qf2 Nh3+ 24.gxh3 Qg5+ 25.Kh1 Qxe7 26.Rxf7 Rxf7 27.Bxf7 e5 28.Rg1 Bf6
29.Rg8# 1-0

[Event "Memorial M.Najdorf (open)"]
[Site "masterchessopen.com Warsaw (Poland)"]
[Date "2008.08.03"]
[Round "2"]
[White "Kultiyasov Mikhail (BLR)"]
[Black "Plichta Kamil (POL)"]
[Result "0-1"]
[WhiteElo "2121"]
[BlackElo "2045"]

1.e4 c5 2.Nf3 Nc6 3.d4 cxd4 4.Nxd4 g6 5.c4 Bg7 6.Be3 Nf6 7.Nc3 Ng4 8.Qxg4 Nxd4
9.Qd1 e5 10.Nb5 O-O 11.Be2 Qh4 12.Bf3 d5 13.Bxd4 exd4 14.cxd5 Bd7 15.Nxd4 Qf6
16.Nb3 Qxb2 17.O-O Rac8 18.Re1 Ba4 19.Qd3 Rc3 20.Qf1 Rc2 21.Rab1 Qxa2 22.Na5
Bd4 23.Re2 Bxf2+ 24.Kh1 Rfc8 25.Nxb7 Qxb1 {#R} 0-1

[Event "Memorial M.Najdorf (open)"]
[Site "masterchessopen.com Warsaw (Poland)"]
[Date "2008.08.05"]
[Round "4"]
[White "Przybylski Wojciech (POL)"]
[Black "Zapolski Krzysztof (POL)"]
[Result "1-0"]
[WhiteElo "2330"]
[BlackElo "2244"]

1.e4 c5 2.Nf3 Nc6 3.d4 cxd4 4.Nxd4 g6 5.c4 Bg7 6.Be3 Nf6 7.Nc3 Ng4 8.Qxg4 Nxd4
9.Qd1 Ne6 10.Rc1 Qa5 11.Bd3 Nc5 12.O-O Nxd3 13.Qxd3 Bxc3 14.Rxc3 d6 15.c5 Be6
16.cxd6 Rd8 17.Rc5 Qxa2 18.Qc3 f6 19.dxe7 Kxe7 20.Bd4 Rhf8 21.Rc7+ Ke8 22.Bxf6
Rd7 23.Bg5 {#r} 1-0

[Event "It (open)"]
[Site "masterchessopen.com Velden (Austria)"]
[Date "2008.09.17"]
[Round "5"]
[White "Gochev Mladen (BUL)"]
[Black "Leitner Gerald (AUT)"]
[Result "1-0"]
[WhiteElo "2212"]
[BlackElo "2238"]

1.e4 c5 2.Nf3 g6 3.d4 cxd4 4.Nxd4 Bg7 5.c4 Nc6 6.Be3 Nf6 7.Nc3 Ng4 8.Qxg4 Nxd4
9.Qd1 Ne6 10.Rc1 d6 11.b4 O-O 12.Be2 b6 13.O-O Bb7 14.Nd5 Nc7 15.f4 e6 16.Nc3
Bxc3 17.Rxc3 Bxe4 18.Qd4 f5 19.Rd1 d5 20.c5 b5 21.Qe5 Kf7 22.Bd4 Rg8 23.c6 a6
24.a4 bxa4 25.Bb6 Rc8 26.Bxa6 Qe7 27.Bxc8 Rxc8 28.Bxc7 Rxc7 29.b5 Rc8 30.Qd4
Qd6 31.g3 g5 32.Qc5 Ke7 33.b6 {#r} 1-0

[Event "Ch Europe (juniors) (under 12)"]
[Site "masterchessopen.com Herceg Novi (Montenegro)"]
[Date "2008.09.19"]
[Round "5"]
[White "Flermoen Peter (NOR)"]
[Black "Nuri Murad Kamil Oglu (AZE)"]
[Result "1-0"]
[WhiteElo "1977"]
[BlackElo "1736"]

1.e4 c5 2.Nf3 Nc6 3.d4 cxd4 4.Nxd4 g6 5.c4 Bg7 6.Be3 Nf6 7.Nc3 Ng4 8.Qxg4 Nxd4
9.Qd1 Ne6 10.Bd3 Be5 11.O-O g5 12.Qh5 h6 13.g3 d6 14.f4 gxf4 15.gxf4 Bd4
16.Bxd4 Nxd4 17.f5 Qa5 18.Nd5 Nc6 19.Qh4 Bd7 20.b4 Qd8 21.Kh1 Ne5 22.Be2 Bc6
23.Rg1 Qd7 24.a4 Rc8 25.Qxh6 Rf8 26.Qe3 b6 27.a5 Bxd5 28.cxd5 b5 29.Rgc1 a6
{#r} 1-0

[Event "It (open)"]
[Site "masterchessopen.com Zvenigorod (Russia)"]
[Date "2008.09.26"]
[Round "3"]
[White "Khairullin Ildar (RUS)"]
[Black "Rakhmanov Aleksandr (RUS)"]
[Result "1-0"]
[WhiteElo "2575"]
[BlackElo "2531"]

1.c4 c5 2.Nf3 g6 3.d4 Bg7 4.e4 cxd4 5.Nxd4 Nc6 6.Be3 Nf6 7.Nc3 Ng4 8.Qxg4 Nxd4
9.Qd1 Ne6 10.Rc1 d6 11.Be2 Bd7 12.O-O Bc6 13.f3 Qa5 14.a3 g5 15.Rf2 Be5 16.Bf1
Bxc3 17.Rxc3 g4 18.fxg4 Bxe4 19.Bd2 Qb6 20.Qe1 Bg6 21.Re3 h5 22.Rxe6 fxe6
23.Qxe6 d5 24.Qxd5 hxg4 25.c5 Qc6 26.Qd4 Rh7 27.Qxg4 Bf7 28.Bd3 Rh8 29.Qd4 Rf8
30.Be4 Qb5 31.a4 Qb3 32.Ba5 Rc8 33.Rd2 {#r} 1-0

[Event "Extraliga 2008/09 (juniors)"]
[Site "masterchessopen.com Czech Republic"]
[Date "2008.10.05"]
[Round "0"]
[White "Krejci Jan (CZE)"]
[Black "Volcik Ludek (CZE)"]
[Result "1-0"]
[WhiteElo "2397"]
[BlackElo "1605"]

1.e4 c5 2.Nf3 Nc6 3.d4 cxd4 4.Nxd4 g6 5.c4 Bg7 6.Be3 Nf6 7.Nc3 Ng4 8.Qxg4 Nxd4
9.Qd1 Nc6 10.Be2 O-O 11.O-O d6 12.Rc1 Bd7 13.f4 Qa5 14.a3 Rfc8 15.Kh1 a6 16.e5
Be6 17.Nd5 Bxd5 18.cxd5 Nd8 19.Qd4 b5 20.h3 Nb7 21.Rxc8+ Rxc8 22.Qa7 Nc5
23.Qxe7 Ne4 24.Qh4 Qa4 25.Bf3 Qb3 26.Re1 Nc5 27.Bxc5 Rxc5 28.Qd8+ Bf8 29.e6
fxe6 30.dxe6 {#r} 1-0

[Event "Ch City (final)"]
[Site "masterchessopen.com Vitoria (Brazil)"]
[Date "2008.10.12"]
[Round "7"]
[White "Bittencourt Jorge (BRA)"]
[Black "Abelha Mozart (BRA)"]
[Result "1-0"]
[WhiteElo "2455"]
[BlackElo "2039"]

1.e4 c5 2.Nf3 Nc6 3.d4 cxd4 4.Nxd4 g6 5.c4 Bg7 6.Be3 Nf6 7.Nc3 Ng4 8.Qxg4 Nxd4
9.Qd1 Ne6 10.Rc1 d6 11.Be2 Bd7 12.O-O Qa5 13.a3 g5 14.f3 Nf4 15.Rf2 Be5 16.Bf1
h6 17.Nd5 Nxd5 18.exd5 Qd8 19.Qd2 O-O 20.f4 gxf4 21.Bxf4 Bxf4 22.Qxf4 Kh7
23.Bd3+ f5 24.Re1 Rf6 25.Qe3 Rf7 26.Ref1 Qf8 27.Qh3 Rc8 28.b3 b5 29.cxb5 Qg7
30.Bxf5+ Bxf5 31.Rxf5 Rxf5 32.Qxf5+ {#r} 1-0

[Event "It (open) \"]
[Site "masterchessopen.com Berlin (Germany)"]
[Date "2008.10.20"]
[Round "3"]
[White "Graf Alexander (GER)"]
[Black "Shapiro Yosip (GER)"]
[Result "1-0"]
[WhiteElo "2635"]
[BlackElo "2125"]

1.c4 c5 2.Nf3 Nc6 3.d4 cxd4 4.Nxd4 Nf6 5.Nc3 g6 6.e4 Bg7 7.Be3 Ng4 8.Qxg4 Nxd4
9.Qd1 Ne6 10.Rc1 b6 11.Be2 Bb7 12.f3 d6 13.b4 O-O 14.O-O Qd7 15.Qd2 Rfc8
16.Nd5 Bxd5 17.cxd5 Nd8 18.Ba6 Rxc1 19.Rxc1 f5 20.exf5 gxf5 21.Qd3 Qa4 22.a3
Bb2 23.Rb1 Qxa3 24.Qxa3 Bxa3 25.Rb3 {#r} 1-0

[Event "Ch Ukraine (juniors) (under 14) (1/2 final) (g)"]
[Site "masterchessopen.com Kherson (Ukraine)"]
[Date "2008.10.21"]
[Round "6"]
[White "Pershina Lada (UKR)"]
[Black "Ruban Irina (UKR)"]
[Result "0-1"]
[WhiteElo "1565"]
[BlackElo "1914"]

1.e4 c5 2.c4 Nc6 3.Ne2 g6 4.d4 cxd4 5.Nxd4 Bg7 6.Be3 Nf6 7.Nc3 Ng4 8.Qxg4 Nxd4
9.Qd1 Ne6 10.Rc1 Qa5 11.a3 b6 12.Be2 Bb7 13.f3 h5 14.O-O g5 15.Qd2 d6 16.Bd1
Bc6 17.Qf2 Nf4 18.Bxf4 gxf4 19.Qd2 Qe5 20.Kh1 Rg8 21.Rb1 Bh6 22.Ne2 h4 23.Nd4
Bd7 24.Bc2 h3 25.gxh3 Qh5 26.Rg1 Rxg1+ 27.Rxg1 e5 28.Rg8+ Bf8 29.Ne2 Qxf3+
30.Kg1 Bxh3 31.Qd1 Bg4 32.Bd3 Qe3+ 33.Kf1 Bh3+ 34.Ke1 f3 35.Qc2 f2+ {#R} 0-1

[Event "Ch World (juniors) (under 12)"]
[Site "masterchessopen.com Vung Tau (Vietnam)"]
[Date "2008.10.29"]
[Round "10"]
[White "Principe Alexander (PER)"]
[Black "Jerad Docena (PHI)"]
[Result "1-0"]
[WhiteElo "1897"]
[BlackElo "1966"]

1.e4 c5 2.Nf3 Nc6 3.d4 cxd4 4.Nxd4 g6 5.c4 Bg7 6.Be3 Nf6 7.Nc3 Ng4 8.Qxg4 Nxd4
9.Qd1 Ne6 10.Rc1 O-O 11.Be2 d6 12.O-O Bd7 13.Qd2 Bc6 14.f3 f5 15.exf5 gxf5
16.b4 b6 17.Nd5 Nc7 18.Bg5 Nxd5 19.cxd5 Bb7 20.Bc4 Kh8 21.Rfe1 Bf6 22.Bxf6+
Rxf6 23.Qe3 Rc8 24.Qd4 Qf8 25.Bb3 h6 26.a4 Kh7 27.Rxc8 Bxc8 28.b5 Bd7 29.Qc4
f4 30.Qc7 Qe8 31.Qxa7 Rf7 32.Qxb6 Rg7 33.Bc2+ Kh8 34.Kh1 Qg8 35.Qd4 {#r} 1-0

[Event "It (open) (active)"]
[Site "masterchessopen.com El Sauzal (Spain)"]
[Date "2008.11.02"]
[Round "8"]
[White "Perez Aleman Pedro Tomas (ESP)"]
[Black "Hernandez Rios Ivan (ESP)"]
[Result "0-1"]
[WhiteElo "2174"]
[BlackElo "2012"]

1.Nf3 g6 2.c4 Bg7 3.e4 c5 4.d4 cxd4 5.Nxd4 Nc6 6.Be3 Nf6 7.Nc3 Ng4 8.Qxg4 Nxd4
9.Qd1 Nc6 10.Be2 O-O 11.h4 Qa5 12.h5 d6 13.Qd2 Be6 14.Bh6 Qe5 15.Bxg7 Qxg7
16.h6 Qe5 17.f4 Qd4 18.g4 Qxd2+ 19.Kxd2 Nd4 20.Nd5 {#R} 0-1